Abstratcts : 23 Conference and General Assembly AIECS/IAMCR/AIERI : intercultural communication : Barcelona, 21 to 26 July 2002 23 Conference and General Assembly AIECS/IAMCR/AIERI :
Descripción Física:
549 p. ; 30 cm
Materias:
Comunicació intercultural -- Congressos
MARC
| LEADER | 00000nam a2200000Ia 4500 | ||
|---|---|---|---|
| 001 | 14929 | ||
| 003 | BGR | ||
| 005 | 20260324175340.0 | ||
| 008 | 160829s2002 xx 000 0 cat d | ||
| 080 | |a M-4-70 | ||
| 111 | |a Conference and General Assembly AIECS/IAMCR/AIERI |9 71054 |c (Barcelona : |d 2002) | ||
| 245 | |a Abstratcts : |b 23 Conference and General Assembly AIECS/IAMCR/AIERI : |b intercultural communication : |b Barcelona, 21 to 26 July 2002 | ||
| 260 | |a [Bellaterra] : |b INCOM, UAB, |c 2002 | ||
| 300 | |a 549 p. ; |c 30 cm | ||
| 590 | |a Índex. | ||
| 590 | |a Textos en anglès, castellà i francès | ||
| 650 | |a Comunicació intercultural |x Congressos |9 28356 | ||
| 710 | 2 | |a International Association for Media and Communication Research |9 71055 | |
| 710 | |a Universitat Autònoma de Barcelona |9 17832 |b Institut de la Comunicació | ||
| 901 | |a Arxiu | ||
| 942 | |n 1 |2 udc |c MON | ||
| 952 | |0 0 |1 0 |4 0 |6 M470 |7 1 |9 44784 |a Arxiu |b Arxiu |d 2016-12-01 |l 0 |o M-4-70 |p 14929 |r 2016-12-01 00:00:00 |w 2016-12-01 |y ARXIU | ||
| 999 | |c 47368 |d 47368 | ||